Normal view
MARC view
- Supervised by Dr. Umar Shahbaz Khan Dr. Mohsin Tiwana Col. Nasir Rashid
Entry Personal Name
001 - CONTROL NUMBER
- control field: 72001
003 - CONTROL NUMBER IDENTIFIER
- control field: NUST
005 - DATE AND TIME OF LATEST TRANSACTION
- control field: 20210628204727.0
008 - FIXED-LENGTH DATA ELEMENTS
- fixed length control field: 210628|| aca||aabn | a|a d
040 ## - CATALOGING SOURCE
- Original cataloging agency: NUST
- Transcribing agency: NUST
100 ## - HEADING--PERSONAL NAME
- Personal name: Supervised by Dr. Umar Shahbaz Khan Dr. Mohsin Tiwana Col. Nasir Rashid
670 ## - SOURCE DATA FOUND
- Source citation: Work cat.: (NUST): NC Usman Ali Khan NC Saman Khan NC M. Areeb Usman GC Mohsin Ali 72000, PR-SOF-1692-DESIGN AND DEVELOPMENT OF UPPER LIMB PROSTHESIS WITH EMBEDDED CONTROL, 2018
